000
00332nam a2200145Ia 4500
008
230711s9999||||xx |||||||||||||| ||und||
041
_a
ENG
082
_a
624
_b
IS-I
100
_a
ISTE
245
0
_a
ISTE handbook 1995-96
250
_a
1st
260
_c
1995
_a
New Delhi
_b
ISTE Learing Material
650
_a
Literature
942
_c
BK
999
_c
3178
_d
3178